| 000 | 00447nam a2200181Ia 4500 | ||
|---|---|---|---|
| 005 | 20240823045512.0 | ||
| 008 | 240823s9999||||xx |||||||||||||| ||und|| | ||
| 041 | _aENGLISH | ||
| 082 | _A005.133 M9 | ||
| 100 | _aAmbrose A | ||
| 245 | 0 | _aComputer Programming with Fortran | |
| 260 |
_c1989 _b"Mera Pub, Kar" |
||
| 500 | _aTRANSFERED | ||
| 650 |
_aFortran _bSoftware Engineering |
||
| 700 | _a Jeyapandian S | ||
| 942 | _cBK | ||
| 999 |
_c215110 _d215110 |
||